| 000 | 00000nam 2200000zi 4500 |
| 001 | 9.945155 |
| 003 | CaOODSP |
| 005 | 20250605104929 |
| 006 | m o d f |
| 007 | cr mn||||||||| |
| 008 | 241114t20242024oncab ob f000 0 fre d |
| 020 | |a9780660744988 |
| 040 | |aCaOODSP|bfre|erda|cCaOODSP |
| 043 | |an-cn--- |
| 086 | 1 |aFs23-755/2024F-PDF |
| 245 | 00|aCinq ans de sciences côtières : |ble Programme sur les données environnementales côtières de référence, Plan de protection des océans, 2018-2023. |
| 246 | 10|aProgramme sur les données environnementales côtières de référence, Plan de protection des océans, 2018-2023 |
| 264 | 1|a[Ottawa] : |bPêches et océans Canada = Fisheries and Oceans Canada, |c2024. |
| 264 | 4|c©2024 |
| 300 | |a1 ressource en ligne (15 pages) : |billustrations, cartes |
| 336 | |atexte|btxt|2rdacontent/fre |
| 337 | |ainformatique|bc|2rdamedia/fre |
| 338 | |aressource en ligne|bcr|2rdacarrier/fre |
| 500 | |aPublié aussi en anglais sous le titre : Five years of coastal science: the Coastal Environmental Baseline Program, Oceans Protection Plan, 2018-2023. |
| 504 | |aComprend des références bibliographiques. |
| 520 | |a« Afin de mieux comprendre et gérer nos côtes et nos voies navigables, Pêches et Océans Canada a lancé le Programme sur les données environnementales côtières de référence en 2018 dans le cadre du Plan de protection des océans du gouvernement du Canada » -- Introduction, page 3. |
| 650 | 6|aConservation des ressources marines|zCanada. |
| 650 | 6|aParcs marins|zCanada. |
| 710 | 1 |aCanada. |bMinistère des pêches et des océans, |eorganisme de publication. |
| 775 | 08|tFive years of coastal science : |w(CaOODSP)9.945154 |
| 775 | 08|t[Cinq ans de sciences côtières] : |w(CaOODSP)9.945158 |
| 856 | 40|qPDF|s13.90 Mo|uhttps://publications.gc.ca/collections/collection_2025/mpo-dfo/Fs23-755-2024-fra.pdf |
| 856 | 4 |qHTML|sS.O.|uhttps://www.dfo-mpo.gc.ca/science/partnerships-partenariats/research-recherche/cebp-pdecr/2018-2023/index-fra.html |